Nuevas líneas de investigación : (Record no. 105165)
[ view plain ]
| 000 -CABECERA | |
|---|---|
| campo de control de longitud fija | 00679nam a2200205 a 4500 |
| 005 - FECHA Y HORA DE LA ÚLTIMA TRANSACCIÓN | |
| campo de control | 20240912063714.0 |
| 008 - ELEMENTOS DE LONGITUD FIJA--INFORMACIÓN GENERAL | |
| campo de control de longitud fija | 040422s2003 mx r 000 0 spa d |
| 020 ## - NÚMERO INTERNACIONAL NORMALIZADO PARA LIBROS | |
| Número Internacional Estándar del Libro | 9684115636 |
| 035 ## - NÚMERO DE CONTROL DEL SISTEMA | |
| Número de control de sistema | UPN01000133012 |
| 049 ## - COLECCIÓN | |
| Colección | CG |
| 050 #4 - SIGNATURA TOPOGRÁFICA DE LA BIBLIOTECA DEL CONGRESO | |
| Número de clasificación | JL1229 C6 |
| Número de documento/Ítem | N8.4 |
| 245 00 - MENCIÓN DE TÍTULO | |
| Título | Nuevas líneas de investigación : |
| Resto del título | 21 relatos sobre la impunidad / |
| Mención de responsabilidad, etc. | David Toscana ... [et al.] ; selec. Martín Solares. |
| 260 ## - PUBLICACIÓN, DISTRIBUCIÓN, ETC. | |
| Lugar de publicación, distribución, etc. | México : |
| Nombre del editor, distribuidor, etc. | Era, |
| Fecha de publicación, distribución, etc. | 2003. |
| 300 ## - DESCRIPCIÓN FÍSICA | |
| Extensión | 227 p. |
| 650 #4 - ASIENTO SECUNDARIO DE MATERIA - TERMINO TEMATICO | |
| Término de materia o nombre geográfico como elemento de entrada | Corrupción política |
| Subdivisión geográfica | México |
| 9 (RLIN) | 11194 |
| 650 #4 - ASIENTO SECUNDARIO DE MATERIA - TERMINO TEMATICO | |
| Término de materia o nombre geográfico como elemento de entrada | INVESTIGACION CRIMINAL |
| 9 (RLIN) | 24974 |
| 700 1# - ASIENTO SECUNDARIO--NOMBRE DE PERSONAL | |
| Nombre de persona | Toscana, David, |
| Fechas asociadas al nombre | 1961- |
| Término indicativo de función/relación | coaut. |
| 9 (RLIN) | 32466 |
| 700 1# - ASIENTO SECUNDARIO--NOMBRE DE PERSONAL | |
| Nombre de persona | Solares, Martín, |
| Fechas asociadas al nombre | 1970- |
| Término indicativo de función/relación | comp. |
| 9 (RLIN) | 32489 |
| 905 ## - TIPO DE MATERIAL | |
| Tipo de material | Libro |
| Estado de retiro | Estado de pérdida | Fuente del sistema de clasificación o colocación | Estado dañado | No para préstamo | Código de colección | Localización permanente | Ubicación/localización actual | Ubicación en estantería | Total de préstamos | Clasificación | Código de barras | Fecha visto por última vez | Número de copia | Tipo de ítem Koha |
|---|---|---|---|---|---|---|---|---|---|---|---|---|---|---|
| Library of Congress Classification | Colección General | Bib. Gregorio Torres Quintero | Bib. Gregorio Torres Quintero | Planta baja | 3 | JL1229 C6 N8.4 | 238426 | 31/12/2020 | 1 | Libro | ||||
| Library of Congress Classification | Colección General | Bib. Gregorio Torres Quintero | Bib. Gregorio Torres Quintero | Planta baja | 4 | JL1229 C6 N8.4 | 223431 | 31/12/2020 | 1 | Libro |
